000 01049nam a22002777a 4500
001 9955
003 FISKH
005 20260319122111.0
008 260319b cb ||||| |||| 00| 0 eng d
040 _aFISKH
_beng
_cFISKH
_dFISKH
050 _aQL49 .W537
082 _a590
100 _aNational Wildlife Federation
245 _aWild animal baby /
_cBy National Wildlife Federation
260 _aWashington , D.C. :
_bNational Wildlife Federation ,
_c2001.
300 _a22 unnumbered pages :
_bcolor illustrations ;
_c18 cm .
490 _aWild Animal Baby Magazine (Collections and Selections — )
505 _aD
520 _aWith 3-D animation and live-action footage children will learn about all kinds of wildlife and their habitats, develop crucial problem-solving skills, and begin to nurture a personal connection with nature
521 8 _a160
_bLexile estimate
521 8 _aD
_bRaz-Plus
650 _aWild animals
_vNon-fiction
650 _aBaby animals
_vNon-fiction
942 _2ddc
_cBK
_n0
999 _c9955
_d9955